000 00484nam a2200157 i 4500
001 76049
003 ES-MaACL
005 20230906172713.0
007 t|
008 040929s1907 sp ||||1| spa d
100 1 _aGuardiola Valero, Eliseo.
_960329
245 1 0 _aImportancia social del Arte /
_cEliseo Guardiola Valero ; con un prólogo de Antonio Bonilla San Martín.
260 _aMadrid :
_b[s.n.,
_c1907] (
_fA. Marzo)
300 _a306 p. ;
_c18 cm.
852 _aES-MaACL
_jD-1401
999 _c76049
_d76049